| 000 | 00464nam a2200157Ia 4500 | ||
|---|---|---|---|
| 999 |
_c38075 _d38075 |
||
| 003 | GCL | ||
| 005 | 20240530103256.0 | ||
| 008 | 140319s9999 xx 000 0 ara d | ||
| 040 |
_aGCL / _cGCL |
||
| 082 | 0 | 4 |
_a224.3 _bع ك |
| 100 | 0 | _aعبدالله بن عباس | |
| 245 | 1 | 0 |
_aكتاب غريب القران / _cعبدالله بن عباس ؛ حققه وقدم له اجمد بولوط |
| 300 | _a120 ص | ||
| 650 | 0 | 4 | _aجمع وتدوين |
| 942 |
_2ddc _cBK |
||